رحلة الحشائشي الى ليبيا سنة 1895

محفوظ في:

المؤلف الرئيسي: محمد بن عثمان الحشائشي.

مؤلفون آخرون: علي مصطفى مصراتي.

التنسيق: كتاب

اللغة: Undetermined

منشور في: Beirut Dar lubnanu 1965

الوسوم: إضافة وسم

لا توجد وسوم, كن أول من يضع وسما على هذه التسجيلة!

رقم الطلب: C30 HASH

LEADER 00510nam a2200145Ia 4500
008 240404s9999||||xx |||||||||||||| ||und||
050 4 |a C30 HASH 
100 1 |a محمد بن عثمان الحشائشي. 
245 1 0 |a رحلة الحشائشي الى ليبيا سنة 1895  |c محمد بن عثمان الحشائشي 
246 1 3 |a جلاء الكرب عن طرابلس الغرب 
264 1 |a Beirut  |b Dar lubnanu  |c 1965 
300 |a 270  |c 24 
700 1 |a علي مصطفى مصراتي. 
942 |2 lcc  |c BK 
999 |c 58150  |d 58150